header

Challenges and paths to global justice (Record no. 248750)

MARC details
000 -LEADER
fixed length control field 01253nam a2200325Ia 4500
082 04 - DEWEY DECIMAL CLASSIFICATION NUMBER
Classification number 303.3/72
245 00 - TITLE STATEMENT
Title Challenges and paths to global justice
260 ## - PUBLICATION, DISTRIBUTION, ETC. (IMPRINT)
Place of publication New York :
Name of publisher Palgrave Macmillan,
Year of publication 2007.
300 ## - PHYSICAL DESCRIPTION
Number of Pages viii, 185 p.
650 #0 - SUBJECT ADDED ENTRY--TOPICAL TERM
Topical Term Social justice.
Topical Term Human rights.
Topical Term Globalization.
Topical Term Power (Social sciences)
700 1# - ADDED ENTRY--PERSONAL NAME
Personal name Friman, H. Richard.
856 40 - ELECTRONIC LOCATION AND ACCESS
Uniform Resource Identifier http://site.ebrary.com/lib/rucke/Doc?id=10171523

No items available.

© 2026 Rongo University
Contact us: librarian | system librarian | Rongo university